| 000 | 00654nam a2200193Ia 4500 | ||
|---|---|---|---|
| 005 | 20250820133934.0 | ||
| 008 | 008 250516s9999 xx 000 0 hin d | ||
| 020 | _a9788119996605 | ||
| 040 |
_beng _cSDCL |
||
| 041 |
_ahin _2hin |
||
| 084 | _aP152 R4 | ||
| 100 |
_aAli, Mushtaq _9818204 |
||
| 245 | 0 |
_aKaryalayi hindi : _bKampyootar anuprayog evam hindi anuvaad |
|
| 246 |
_aकार्यालयी हिंदी : _bकम्प्युटर अनुप्रयोग एवं हिंदी अनुवाद |
||
| 260 |
_aNew Delhi: _bLokbharti Prakashan, _c2024. |
||
| 300 | _a408p. | ||
| 650 | _aHindi | ||
| 942 |
_cTEXL _2CC |
||
| 999 |
_c1430169 _d1430169 |
||